| 000 | 00535nam a2200181 4500 | ||
|---|---|---|---|
| 001 | 109906 | ||
| 003 | ES-MaACL | ||
| 005 | 20230906184934.0 | ||
| 007 | t| | ||
| 008 | 061121s1969 sp r ||||1| spa d | ||
| 080 | _a811.361(075.4) | ||
| 100 | 1 |
_aOñatibia, Juan. _987115 |
|
| 245 | 1 | 0 |
_aMétodo de eusquera radiofónico _b: primer curso / _cJuna Oñatibia. |
| 260 |
_a[San Sebastián : _bEdili, _c1969] |
||
| 300 |
_a204 p. : _bil ; _c22 cm. |
||
| 650 | 0 | 4 |
_aLengua vasca- _vMétodos. _914339 |
| 852 |
_aES-MaACL _jC-46865 _bR.72010 |
||
| 999 |
_c109906 _d109906 |
||